01002nam a2200265 a 450000100060000000300080000600500170001400800410003103500190007204000340009104100080012508200310013310000390016424500540020326000870025730000210034435000090036550400420037465100340041665100510045071000620050194200120056399900170057595201440059241751BD-RjUL20211209053438.0160605s1969 nyu b 001 0 eng  a(BD-RjUL)41869 aDLCcDLCdDLCd(BD-RjUL)beng aeng00a354.600895223 bLEA 1969 1 aLee, J. M.q(John Michael)912825710aAfrican armies and civil order /c[by] J. M. Lee. aNew York :bPublished for the Institute for Strategic Studies [by] Praeger, c1969 a198 p. :c23 cm. a6.00 a"Bibliographical note": p. [187]-190. 0aAfricaxArmed Forces.9128259 0aAfricaxPolitics and governmenty1960-91253062 aInstitute for Strategic Studies (London, England)9128260 2ddccBK c41751d41751 00102ddc40708NFICaRUCLbRUCLcStackd1972-07-14eBook Center g38.50l0o354.600895 LEA 1969r2016-06-05 00:00:00tC-2w2021-12-09yBK